Indian English literature 1980-2000 : (Record no. 4543)

MARC details
000 -LEADER
fixed length control field 00602cam a2200205ua 4500
008 - FIXED-LENGTH DATA ELEMENTS--GENERAL INFORMATION
fixed length control field 120825n ii |||gr||||Z||||||eng
020 ## - INTERNATIONAL STANDARD BOOK NUMBER
International Standard Book Number 81-85753-44-X
040 ## - CATALOGING SOURCE
Transcribing agency MAIN
082 ## - DEWEY DECIMAL CLASSIFICATION NUMBER
Classification number 820.954
100 ## - MAIN ENTRY--PERSONAL NAME
Personal name Naik, M.K.,
Relator term
245 11 - TITLE STATEMENT
Title Indian English literature 1980-2000 :
Remainder of title a critical survey /
Statement of responsibility, etc. by M.K. Naik .
250 ## - EDITION STATEMENT
Edition statement 1st.
260 ## - PUBLICATION, DISTRIBUTION, ETC.
Place of publication, distribution, etc. New Delhi:
Name of publisher, distributor, etc. Pencraft international,
Date of publication, distribution, etc. 2011.
300 ## - PHYSICAL DESCRIPTION
Extent 303p.
700 ## - ADDED ENTRY--PERSONAL NAME
Personal name Narayan, Shyamala A.,
Relator term
942 ## - ADDED ENTRY ELEMENTS (KOHA)
Koha item type Books
653 ## - INDEX TERM--UNCONTROLLED
Uncontrolled term Indian English literature 1980-2000
653 ## - INDEX TERM--UNCONTROLLED
Uncontrolled term Indian literature in English 1980-2000
Holdings
Withdrawn status Lost status Damaged status Not for loan Home library Current library Shelving location Date acquired Total Checkouts Full call number Barcode Date last seen Copy number Price effective from Koha item type
        Central Library, Naharkatiya College Central Library, Naharkatiya College General Stacks 19/09/2020   820.954English | NAI 20715 19/09/2020 1 19/09/2020 Books

Naharkatiya College © 2020. All rights reserved.

Powered By